Knoíki íitom : (Record no. 33754)

MARC details
000 -CABECERA
campo de control de longitud fija 00731nam a2200217 a 4500
005 - FECHA Y HORA DE LA ÚLTIMA TRANSACCIÓN
campo de control 20231010063632.0
008 - ELEMENTOS DE LONGITUD FIJA--INFORMACIÓN GENERAL
campo de control de longitud fija 991125s1994 mx 000 0 spa u
020 ## - NÚMERO INTERNACIONAL NORMALIZADO PARA LIBROS
Número Internacional Estándar del Libro 9682973902
035 ## - NÚMERO DE CONTROL DEL SISTEMA
Número de control de sistema UPN01000033754
049 ## - COLECCIÓN
Colección CG
050 #4 - SIGNATURA TOPOGRÁFICA DE LA BIBLIOTECA DEL CONGRESO
Número de clasificación LB1578.361 S4.1
Número de documento/Ítem R6.4
100 1# - ASIENTO PRINCIPAL--NOMBRE PERSONAL
Nombre de persona Romero Astorga, Pedro
245 10 - MENCIÓN DE TÍTULO
Título Knoíki íitom :
Resto del título lengua seri de Sonora : primer ciclo /
Mención de responsabilidad, etc. Pedro Romero Astorga.
260 ## - PUBLICACIÓN, DISTRIBUCIÓN, ETC.
Lugar de publicación, distribución, etc. México :
Nombre del editor, distribuidor, etc. SEP, Comisión Nacional de los Libros de Texto Gratuitos,
Fecha de publicación, distribución, etc. 1994.
300 ## - DESCRIPCIÓN FÍSICA
Extensión 2 v. :
Otras características físicas il. col.
500 ## - NOTA GENERAL
Nota general La biblioteca tiene el v.1
650 #4 - ASIENTO SECUNDARIO DE MATERIA - TERMINO TEMATICO
Término de materia o nombre geográfico como elemento de entrada CARTILLA SERI
9 (RLIN) 8213
650 #4 - ASIENTO SECUNDARIO DE MATERIA - TERMINO TEMATICO
Término de materia o nombre geográfico como elemento de entrada Indígenas de México
Subdivisión geográfica Sonora
Subdivisión general Lenguas
9 (RLIN) 24774
650 #4 - ASIENTO SECUNDARIO DE MATERIA - TERMINO TEMATICO
Término de materia o nombre geográfico como elemento de entrada SERI -
Subdivisión general ESTUDIO Y ENSEÑANZA (ELEMENTAL)
905 ## - TIPO DE MATERIAL
Tipo de material Libro
Holdings
Estado de retiro Estado de pérdida Fuente del sistema de clasificación o colocación Estado dañado No para préstamo Código de colección Localización permanente Ubicación/localización actual Ubicación en estantería Enumeración/cronología de publicación seriada Total de préstamos Clasificación Código de barras Fecha visto por última vez Número de copia Tipo de ítem Koha Fecha de adquisición
    Library of Congress Classification     Colección General Bib. Gregorio Torres Quintero Bib. Gregorio Torres Quintero Planta baja v.1   LB1578.361 S4.1 R6.4 330119 31/12/2020 1 Libro  
    Library of Congress Classification   Disponible (Préstamo en sala) Libros de texto gratuitos Bib. Gregorio Torres Quintero Bib. Gregorio Torres Quintero Colecciones especiales Planta alta v.1   LB1578.361 S4.1 R6.4 131670 31/12/2020 1 Libro 13/09/2022
    Library of Congress Classification   Disponible (Préstamo en sala) Libros de texto gratuitos Bib. Gregorio Torres Quintero Bib. Gregorio Torres Quintero Colecciones especiales Planta alta v.1 1 LB1578.361 S4.1 R6.4 141695 31/12/2020 1 Libro 13/09/2022